00759nam a22002057a 450000500170000001000150001702000270003203500140005903700090007308200140008210000330009624500890012925000060021826000650022427000460028930000190033594200250035499900190037995201550039820250714120249.0 aENG-145929 a9788195441945c1100.00 aEN-129461 bDBAD a954.0121 aMukherjee, Sabyasachi982946 aThe Lost Stupa of Kahu-Jo-Daro:cSabyasachi MukherjeebAn Attempt at Reconstruction/ a1 aMumbaibChhatrapati Shivaji Maharaj Vastu Sangrahalayac2022 a159-161, M.G. Road, Fort bMumbaie400023 a94p.c24cm(hb) 2ddccENh954.01mMUK c212350d212350 001040708NFICaMbMd2025-07-14eDelivery of Books Act Divisiong1100.00l0o954.01 MUKpEN-129461r2025-07-14 00:00:00t1v1100.00w2025-07-14yEN